00477nam a2200121Ia 45000010005000000080041000050820025000461000060000712450134001312600048002659010027003139990015003403047241024s9999 xx 000 0 und d aRD/374.07/R426s/2012 aRepública Dominicana.Ministerio de Educación.MINERD 0aSistema de Gestión para el Modelo Flexible de Educación Básica de Personas Jóvenes y Adultas en la República Dominicana bSanto Domingo, República Dominicanac2012 a23/7/2013 9:08:54 a.m. c8492d8492